• Rossellini Roberto

di Personal Name

Records bibliografici associati: 1

001 - CONTROL NUMBER

  • control field: 45463

003 - CONTROL NUMBER IDENTIFIER

  • control field: IT-RoPau

005 - DATE AND TIME OF LATEST TRANSACTION

  • control field: 20151129171939.0

008 - FIXED-LENGTH DATA ELEMENTS

  • fixed length control field: 151129|| aca||aabn | a|a d

040 ## - CATALOGING SOURCE

  • Original cataloging agency: IT-RoPau
  • Transcribing agency: IT-RoPau

100 ## - HEADING--PERSONAL NAME

  • Personal name: Rossellini Roberto
  • Relator term: (soggetto)
  • Miscellaneous information: Codice Soggetto SPICS: 1870

670 ## - SOURCE DATA FOUND

  • Source citation: Work cat.: (IT-RoPau)106166: Rossellini Roberto Codice regista SPICS: 1870 45459, ANNO UNO ANNO UNO (Rif. Codice opera principale : 71387)
CREDITS: SOCIETA' SAN PAOLO Via A.Severo, 58 - ROMA (RM) & PERIODICI SAN PAOLO SRL Via Giotto, 36 MILANO & CISF Via Giotto, 36 MILANO & EDIZIONI SAN PAOLO SRL,  Piazza Soncino, 5 CINISELLO BALSAMO (MI) -- ITALY